Normal view
MARC view
- Rebaque, Felicitas,
Entry Nombre Personal
001 - NUMERO DE CONTROL
- campo de control: 34408
003 - IDENTIFICADOR DE NUMERO DE CONTROL
- campo de control: UPN
005 - FECHA Y HORA DE LA ÜLTIMA TRANSACCIÓN
- campo de control: 20210219194452.0
008 - DATOS DE LONGITUD FIJA
- campo de control de longitud fija: nabaccnnaabn|||||||||| b |nc|||||d
035 ## - NUMERO DE CONTROL
- Número de control: UPN11000006515
040 ## - FUENTE DE CATALOGACIÓN
- Lenguaje de catalogación: SPA
- Agencia de transcripción: UPN
053 #4 - NÚMERO DE CLASIFICACIÓN LC
- Número de clasificación elemento-número único o número inicial de tramo: PQ6668 E2.2
100 1# - ENCABEZAMIENTO - NOMBRE PERSONAL
- Nombre personal: Rebaque, Felicitas,
- Fechas asociadas con el nombre: 1955-
670 ## - FUENTE EN LA QUE SE LOCALIZARON DATOS
- Cita de la fuente: T
- Uniform Resource Identifier: http://www.librosquevoyleyendo.com/2003/12/felicitas-rebaque.html
680 ## - NOTA PUBLICA DE ACCESO PÚBLICO
- Frase explicativa de la referencia: Nace en Tudela de Duero (Valladolid) en 1955. Diplomada en Magisterio y en Enfermería por la Universidad de Valladolid, desarrolla su actividad profesional en el campo de la Pediatría.
902 ## - CATALOGADOR
- Catalogador: MCM/191113
